World's Largest Cities that Use the Same Letter Three Times - Statistics

General Stats
  • This quiz has been taken 312 times
  • The average score is 4 of 13
Answer Stats
Rank Population (Metro) Answer % Correct
2 37,843,000 Jakarta
86%
53 6,456,000 Toronto
54%
87 4,538,000 Ankara
40%
49 7,088,000 Kuala Lumpur
37%
84 4,689,000 Alexandria
35%
75 5,015,000 Atlanta
34%
48 7,186,000 Ahmedabad
30%
38 8,957,000 Ho Chi Minh City
23%
88 4,517,000 Belo Horizonte
14%
78 4,881,000 Surabaya
12%
149 2,980,000 Sanaa
11%
57 6,155,000 Nanjing
10%
146 3,056,000 Zhangjiagang
2%
No matching quizzes found
Score Distribution
Percent of People with Each Score
Percentile by Number Answered
Your Score History
You have not taken this quiz